000 00994nam a22001937a 4500
999 _c63400
_d63400
003 Ge_BSU
005 20250930160856.0
008 250930s1974 ge ||||| |||| 00| 0 geo d
041 _ageo
080 _a631.5/9(479.22) ხ-29
100 _aხასია, ბ.
_925906
245 _aსოციალისტური მიწათმოქმედების განვითარება საქართველოში. წ. 3 /
_cბ. ხასია; [რედ.: ა. ნუცუბიძე] ; საქ. სსრ მეცნ. აკად., ეკონომიკის ინ-ტი.
264 _aთბილისი :
_bმეცნიერება,
_c1974.
300 _a405 გვ.;
_b21 სმ.
500 _aსაძიებელი: გვ. 391-405.
653 _aმიწათმოქმედება საქართველოში
700 _aნუცუბიძე, ა.
_e რედაქტორი
_920876
942 _2udc
_cBK